Экстрим: [роман]; пер. с англ.

Dades bibliogràfiques
Autor principal: Прист К. Кристофер
Sumari:От знаменитого автора «Опрокинутого мира» и «Машины пространства», «Лотереи» и «Гламура», а также «Престижа» (экранизация Кристофера Нолана, в ролях Кристиан Бейл, Хью Джекман, Скарлет Иохансон и Дэвид Боуи!) — психологический триллер «Экстрим». Тереза Саймоне потеряла любимого мужа — служащий ФБР, он по­гиб от пули обезумевшего маньяка в техасском городке Абилин. Не в силах совладать с такой утратой, она берет длительный отпуск и отправляется в свою родную Англию, которую покинула в далеком детстве. Ее влечет Булвертон — приморский городок, ставший в свое время ареной трагедии наподобие абилинской. Но как эти два события связаны? Почему Булвертоном интересуется крупнейший оператор виртуальной реальности — гонконгская корпорация «Ган-хо»? И где пределы экстремального опыта? Впервые на русском.
Idioma:rus
Publicat: Москва, Эксмо, 2008
Col·lecció:Интеллектуальный бестселлер
Matèries:
Format: MixedMaterials Llibre
KOHA link:https://koha.lib.tpu.ru/cgi-bin/koha/opac-detail.pl?biblionumber=153363

MARC

LEADER 00000nam0a2200000 4500
001 153363
005 20231031151400.0
010 |a 9785699273850 
035 |a (RuTPU)RU\TPU\book\166387 
090 |a 153363 
100 |a 20090211d2008 m y0rusy50 ca 
101 1 |a rus  |c eng 
102 |a RU 
105 |a y z 000ay 
200 1 |a Экстрим  |e [роман]  |e пер. с англ.  |f К. Прист 
210 |a Москва  |c Эксмо  |a СПб.  |c Домино  |d 2008 
215 |a 432 с. 
225 1 |a Интеллектуальный бестселлер 
330 |a От знаменитого автора «Опрокинутого мира» и «Машины пространства», «Лотереи» и «Гламура», а также «Престижа» (экранизация Кристофера Нолана, в ролях Кристиан Бейл, Хью Джекман, Скарлет Иохансон и Дэвид Боуи!) — психологический триллер «Экстрим». Тереза Саймоне потеряла любимого мужа — служащий ФБР, он по­гиб от пули обезумевшего маньяка в техасском городке Абилин. Не в силах совладать с такой утратой, она берет длительный отпуск и отправляется в свою родную Англию, которую покинула в далеком детстве. Ее влечет Булвертон — приморский городок, ставший в свое время ареной трагедии наподобие абилинской. Но как эти два события связаны? Почему Булвертоном интересуется крупнейший оператор виртуальной реальности — гонконгская корпорация «Ган-хо»? И где пределы экстремального опыта? Впервые на русском. 
610 1 |a английская литература 
610 1 |a романы 
610 1 |a психологический триллер 
610 1 |a боевики 
675 |a 82  |v 3 
700 1 |a Прист  |b К.  |g Кристофер 
801 1 |a RU  |b 63413507  |c 20090211  |g PSBO 
801 2 |a RU  |b 63413507  |c 20090218  |g PSBO 
942 |c BK